01472cam a2200205Ki 450008200160000010000260001624500540004225000160009626000410011230000370015350000750019050507030026552600370096865000130100565000380101885600640105694200120112099900190113295201150115104a940.27bOMA1 aOman, Charles,94954412aA history of the peninsular warcby Charles Oman. a1st AMS ed. aNew York :bAMS Press,c1980, c1930. a1 online resource (7 v.) :bill. aReprint of the 1902-1930 ed. published by the Clarendon Press, Oxford.0 av. 1 1807-1809. From the Treaty of Fontainebleau to the battle of Corunna.--v. 2. Jan.-Sept. 1809. From the battle of Corunna to the end of the Talavera campaign.--v. 3. Sept. 1809-Dec. 1810. Ocaña, Cadiz, Bussaco, Torres, Vedras.--v. 4. Dec. 1810-Dec. 1811. Masséna's retreat, Fuentes de Oñoro, Albuera, Tarragona.--v. 5. Oct. 1811-Aug. 31, 1812. Valencia, Ciudad Rodrigo, Badajoz, Salamanca, Madrid.--v. 6. Sept. 1, 1812--Aug. 5, 1813. The siege of Burgos, the retreat from Burgos, the campaign of Vittoria, the battles of the Pyrenees.--v. 7. August 1813-April 14, 1814. The capture of St. Sebastian, Wellington's invasion of France, battles of the Nivelle, the Nive, Orthez, and Toulouse. a0b0c0d940_270000000000000_OMA 0aMCE9379 0aPeninsular War, 1807-1814.94937940uhttp://catalog.hathitrust.org/api/volumes/oclc/5941575.html 2ddccBK c553267d553267 00102ddc4070aMCEbMCEcArchive Sectiond2015-02-03l0o940.27 OMApMCE-ECH/113r2015-02-03w2015-02-03yBK